|
|
|
|
| LEADER |
00000nam0a2200000 4500 |
| 001 |
257508 |
| 005 |
20231101233217.0 |
| 035 |
|
|
|a (RuTPU)RU\TPU\book\280313
|
| 035 |
|
|
|a RU\TPU\book\271448
|
| 090 |
|
|
|a 257508
|
| 100 |
|
|
|a 20140417d1987 k y0rusy50 ca
|
| 101 |
0 |
|
|a rus
|
| 102 |
|
|
|a GE
|
| 105 |
|
|
|a y z 001zy
|
| 200 |
1 |
|
|a Математический анализ
|e сборник научных трудов
|f Грузинский государственный политехнический институт им. В. И. Ленина
|
| 210 |
|
|
|a Тбилиси
|c Изд-во ГПИ
|d 1987
|
| 215 |
|
|
|a 112 с.
|
| 225 |
1 |
|
|a Труды Грузинского политехнического института
|v № 2(314)
|
| 320 |
|
|
|a Библиогр. в конце статей
|
| 606 |
1 |
|
|a Математический анализ
|2 stltpush
|3 (RuTPU)RU\TPU\subj\41236
|9 61042
|
| 610 |
1 |
|
|a ряды Фурье-Лапласа
|
| 610 |
1 |
|
|a суммируемость
|
| 610 |
1 |
|
|a кратные интегралы
|
| 610 |
1 |
|
|a неусиляемость
|
| 610 |
1 |
|
|a тригонометрические ряды
|
| 610 |
1 |
|
|a интегрируемость
|
| 610 |
1 |
|
|a алгебраические биортогональные ряды
|
| 610 |
1 |
|
|a линейные интегральные уравнения
|
| 610 |
1 |
|
|a контактные преобразования
|
| 675 |
|
|
|a 517
|v 3
|
| 712 |
0 |
2 |
|a Грузинский государственный политехнический институт им. В. И. Ленина
|c (Тбилиси)
|c (1959-1990)
|2 stltpush
|3 (RuTPU)RU\TPU\col\13604
|9 25717
|
| 801 |
|
1 |
|a RU
|b 63413507
|c 20051205
|g PSBO
|
| 801 |
|
2 |
|a RU
|b 63413507
|c 20140909
|g PSBO
|
| 942 |
|
|
|c BK
|